ბათუმის შოთა რუსთაველის სახელმწიფო უნივერსიტეტის ბიბლიოთეკა

გვადი ბიგვა (ბიბ.ჩანაწერი № 47790)

000 -LEADER
fixed length control field 00605nam a2200205Ia 4500
001 - CONTROL NUMBER
control field 14664
003 - CONTROL NUMBER IDENTIFIER
control field GE_BSU
008 - FIXED-LENGTH DATA ELEMENTS--GENERAL INFORMATION
fixed length control field 181216s||||||||xx |||||||||||||| ||und||
040 ## - CATALOGING SOURCE
Transcribing agency GE_BSU
080 ## - UNIVERSAL DECIMAL CLASSIFICATION NUMBER
Universal Decimal Classification number 821.353.1-31
100 ## - MAIN ENTRY--PERSONAL NAME
Personal name ქიაჩელი,ლეო
245 ## - TITLE STATEMENT
Title გვადი ბიგვა
245 ## - TITLE STATEMENT
Statement of responsibility, etc. რედ.ლია ერისთავი.მხატვ.ბ.სამსონაძე
260 ## - PUBLICATION, DISTRIBUTION, ETC.
Place of publication, distribution, etc. თბილისი
260 ## - PUBLICATION, DISTRIBUTION, ETC.
Name of publisher, distributor, etc. ნაკადული
260 ## - PUBLICATION, DISTRIBUTION, ETC.
Date of publication, distribution, etc. 1980
300 ## - PHYSICAL DESCRIPTION
Extent 227გვ.20სმ.
653 ## - INDEX TERM--UNCONTROLLED
Uncontrolled term გვადი ბიგვა
942 ## - ADDED ENTRY ELEMENTS (KOHA)
Koha item type წიგნი
ეგზემპლარები
Withdrawn status Lost status Damaged status Not for loan Date acquired Barcode Date last seen Price effective from Koha item type
        2018-12-17 37676 2018-12-17 2018-12-17 წიგნი
        2018-12-17 37677 2018-12-17 2018-12-17 წიგნი
        2018-12-17 37678 2018-12-17 2018-12-17 წიგნი